AI a její dopady na pracovní pozice v marketingu

Vývoj umelej inteligencie je v súčasnosti kontroverznou témou a ako taká sa nájdu aj takí, ktorí jej potenciál vidia v pozitívnej zmene v pracovných aktivitách, napr. v podobe nových profesií, možnosti komplexnejšieho videnia a riešenia zložitých problémov, ako aj tých, ktorých trápi budúcnosť praco...

Ausführliche Beschreibung

Gespeichert in:
Bibliographische Detailangaben
1. Verfasser: Pešek, Ondřej
Weitere Verfasser: Mareš, Jan
Format: Buchkapitel
Sprache:Tschechisch
Schlagworte:
Tags: Tag hinzufügen
Keine Tags, Fügen Sie das erste Tag hinzu!

MARC

LEADER 00000naa a2200000 4500
001 0303045
005 20240710101230.1
041 0 |a cze 
044 |a CZ 
245 1 0 |a AI a její dopady na pracovní pozice v marketingu  |c Ondřej Pešek, Jan Mareš 
520 |a Vývoj umelej inteligencie je v súčasnosti kontroverznou témou a ako taká sa nájdu aj takí, ktorí jej potenciál vidia v pozitívnej zmene v pracovných aktivitách, napr. v podobe nových profesií, možnosti komplexnejšieho videnia a riešenia zložitých problémov, ako aj tých, ktorých trápi budúcnosť pracovných miest. Analytici a odborníci zdôrazňujú benefity v podobe vyššej produktivity, lepšej zdravotnej starostlivosti, prístupu k vzdelaniu a zjednodušenia a efektívnosti marketingových aktivít. 
610 2 0 |a marketing 
610 2 0 |a miesta pracovné 
610 2 0 |a pracovníci 
610 2 0 |a zamestnanci 
610 2 0 |a inteligencia umelá 
100 1 |a Pešek, Ondřej 
700 1 |a Mareš, Jan